000 00552nam a2200193Ia 4500
005 20260120132134.0
008 008 260114s9999 xx 000 0 eng d
020 _a9781383001921
037 _aEBOOK
040 _aCRL
_beng
_cCRL
041 _aeng
_2eng
084 _qCRL
100 _aSmith
_9935401
245 0 _aHealth and Illness in the Community: An Oxford Core Text
260 _bOxford University PressOxford University Press
_c2023
856 _uhttps://academic.oup.com/book/50816
942 _cEBOOK
999 _c1527324
_d1527324